Reaction kinetics for chemical engineers (Record no. 12493)

000 -LEADER
fixed length control field 00585nam a22002051 4500
001 - CONTROL NUMBER
control field 12493
003 - CONTROL NUMBER IDENTIFIER
control field BD-DhUET
008 - FIXED-LENGTH DATA ELEMENTS--GENERAL INFORMATION
fixed length control field 720413s1959 nyua b 000 0 eng
040 ## - CATALOGING SOURCE
Original cataloging agency DLC
Transcribing agency DLC
Modifying agency BD-DhUET
082 ## - DEWEY DECIMAL CLASSIFICATION NUMBER
Classification number 660.2994
Item number WAL/1959
100 1# - MAIN ENTRY--PERSONAL NAME
Personal name Walas, Stanley M.
245 10 - TITLE STATEMENT
Title Reaction kinetics for chemical engineers
250 ## - EDITION STATEMENT
Edition statement 1st ed.
260 ## - PUBLICATION, DISTRIBUTION, ETC. (IMPRINT)
Place of publication, distribution, etc. New York
Name of publisher, distributor, etc. McGraw-Hill
Date of publication, distribution, etc. 1959
300 ## - PHYSICAL DESCRIPTION
Extent 338 p.
Other physical details ill.
490 ## - SERIES STATEMENT
Series statement McGraw - Hill chemical engineering series
504 ## - BIBLIOGRAPHY, ETC. NOTE
Bibliography, etc Includes bibliographies
650 #0 - SUBJECT ADDED ENTRY--TOPICAL TERM
Topical term or geographic name as entry element Kinetics : Reactions : Chemical Engineering
942 ## - ADDED ENTRY ELEMENTS (KOHA)
Koha item type General Book
Holdings
Date acquired Koha normalized classification for sorting Koha date last seen Not for loan Sublocation or collection (holding branch) Withdrawn status Koha full call number Location (home branch) Damaged status Shelving location Copy number Koha item type Lost status Source of classification or shelving scheme Piece designation (barcode) Price effective from
2015-02-26660_299400000000000_WAL_19592015-02-26 Central Library, BUET 660.2994/WAL/1959Central Library, BUET Circulation section1General Book  260732015-02-26
2015-03-01660_299400000000000_WAL_19592015-03-01 Central Library, BUET 660.2994/WAL/1959Central Library, BUET Circulation section2General Book  298822015-03-01
2015-03-31660_299400000000000_WAL_19592015-03-31 Central Library, BUET 660.2994/WAL/1959Central Library, BUET Circulation section3General Book  298782015-03-31
2015-03-31660_299400000000000_WAL_19592015-03-31 Central Library, BUET 660.2994/WAL/1959Central Library, BUET Circulation section4General Book  298752015-03-31
2015-03-31660_299400000000000_WAL_19592015-03-31 Central Library, BUET 660.2994/WAL/1959Central Library, BUET Circulation section5General Book  258932015-03-31
2015-04-04660_299400000000000_WAL_19592015-04-04 Central Library, BUET 660.2994/WAL/1959Central Library, BUET Circulation section6General Book  21142015-04-04
2015-04-07660_299400000000000_WAL_19592015-04-07 Central Library, BUET 660.2994/WAL/1959Central Library, BUET Circulation section7General Book  298742015-04-07
2015-06-18660_299400000000000_WAL_19592015-06-18 Central Library, BUET 660.2994/WAL/1959Central Library, BUET Reading section8Reading Item  298812015-06-18
2015-06-18660_299400000000000_WAL_19592015-06-18 Central Library, BUET 660.2994/WAL/1959Central Library, BUET Reading section9Reading Item  298792015-06-18
2015-06-18660_299400000000000_WAL_19592015-06-18 Central Library, BUET 660.2994/WAL/1959Central Library, BUET Reading section10Reading Item  78992015-06-18
2015-06-18660_299400000000000_WAL_19592015-06-18 Central Library, BUET 660.2994/WAL/1959Central Library, BUET Reading section11Reading Item  79002015-06-18
2015-06-28660_299400000000000_WAL_19592015-06-28 Central Library, BUET 660.2994/WAL/1959Central Library, BUET Reading section12Reading Item  298802015-06-28
2015-06-28660_299400000000000_WAL_19592015-06-28 Central Library, BUET 660.2994/WAL/1959Central Library, BUET Reading section13Reading Item  298762015-06-28